[Event "Peterborough 4NCL Easter U1700 op"]
[Site "Peterborough"]
[Date "2024.03.30"]
[Round "3"]
[White "Griffin Young, Sebastian"]
[Black "Homer, Neil S"]
[Result "1/2-1/2"]
[WhiteElo "1576"]
[BlackElo "1693"]
[PlyCount "121"]
[EventDate "2024.03.29"]
[EventType "swiss"]
[EventRounds "7"]
[EventCountry "ENG"]
[SourceTitle "CB14_2024"]
[SourceDate "2024.04.01"]
[SourceVersion "1"]
[SourceVersionDate "2024.04.01"]
[SourceQuality "1"]

1. Nf3 d5 2. g3 c5 3. Bg2 Nc6 4. d3 e5 5. 0-0 Nf6 6. Nc3 Be7 7. e4 d4 8. Ne2 0-0 9. Bg5 Ng4 10. Bxe7 Qxe7 11. h3 Nf6 12. Ne1 Nd7 13. f4 exf4 14. Nxf4 Nf6 15. Nf3 Ne5 16. c3 Nxf3+ 17. Qxf3 Qe5 18. Rac1 Bd7 19. Kh2 Rac8 20. Nd5 Nxd5 21. exd5 Qd6 22. cxd4 cxd4 23. Rc4 Rxc4 24. dxc4 Qe7 25. Qd3 Qe5 26. Rd1 Re8 27. Qxd4 Qxd4 28. Rxd4 Re2 29. c5 Kf8 30. Kg1 Rc2 31. b4 a5 32. a3 axb4 33. axb4 Ke8 34. d6 Bc6 35. Bxc6+ bxc6 36. Re4+ Kd8 37. Re7 Rb2 38. Rxf7 Rxb4 39. Rc7 Rc4 40. Rxc6 g5 41. Rc7 h5 42. Rh7 Rxc5 43. Rxh5 Kd7 44. h4 Rc1+ 45. Kg2 gxh4 46. gxh4 Kxd6 47. Kg3 Ke7 48. Rf5 Rg1+ 49. Kh2 Rg8 50. Kh3 Rf8 51. Rg5 Kf7 52. h5 Rg8 53. Ra5 Kg7 54. Kg4 Kh6+ 55. Kh4 Rg1 56. Ra6+ Kh7 57. h6 Rg2 58. Kh5 Rh2+ 59. Kg5 Rg2+ 60. Kf5 Rh2 61. Ra8 1/2-1/2

[Event "Harrogate 4NCL op-B 31st"]
[Site "Harrogate"]
[Date "2024.01.20"]
[Round "3"]
[White "Cooper, Malcolm H"]
[Black "Griffin Young, Sebastian"]
[Result "1/2-1/2"]
[WhiteElo "1778"]
[BlackElo "1548"]
[PlyCount "72"]
[EventDate "2024.01.19"]
[EventType "swiss"]
[EventRounds "5"]
[EventCountry "ENG"]
[SourceTitle "CB06_2024"]
[SourceDate "2024.02.07"]
[SourceVersion "1"]
[SourceVersionDate "2024.02.07"]
[SourceQuality "1"]

1. d4 Nf6 2. c4 g6 3. Nc3 Bg7 4. e4 d6 5. Nf3 0-0 6. Be2 Nbd7 7. 0-0 e5 8. d5 Nh5 9. Be3 Ndf6 10. b4 Nf4 11. Re1 Ng4 12. Bd2 f5 13. Rc1 fxe4 14. Nxe4 Bf5 15. Ng3 Bd3 16. Bf1 Bxf1 17. Rxf1 Nd3 18. Bg5 Ndxf2 19. Rxf2 Nxf2 20. Qe2 Qe8 21. Kxf2 h6 22. Bd2 g5 23. Kg1 Qg6 24. Qe4 Kh7 25. Rf1 Rf6 26. h3 Raf8 27. Be3 Qxe4 28. Nxe4 Rf5 29. Nfd2 Rxf1+ 30. Nxf1 Kg6 31. Nfd2 c6 32. a4 a6 33. Nf3 Bf6 34. g4 Be7 35. Kg2 Rc8 36. Nfd2 a5 1/2-1/2

[Event "Daventry 4NCL Easter op-C 2nd"]
[Site "Daventry"]
[Date "2022.04.16"]
[Round "2"]
[White "Griffin Young, Sebastian"]
[Black "Webster, Vivien"]
[Result "0-1"]
[WhiteElo "1431"]
[BlackElo "1653"]
[PlyCount "146"]
[EventDate "2022.04.15"]
[EventType "swiss"]
[EventRounds "7"]
[EventCountry "ENG"]
[SourceTitle "CBM 207 Extra"]
[Source "ChessBase"]
[SourceDate "2022.05.31"]
[SourceVersion "1"]
[SourceVersionDate "2022.05.31"]
[SourceQuality "1"]

1. d4 b6 2. Bf4 Bb7 3. e3 Nf6 4. Nf3 e6 5. Bd3 h6 6. h4 Nd5 7. Bh2 Bb4+ 8. c3 Be7 9. Be5 Bf6 10. Nbd2 Nc6 11. Bxf6 Qxf6 12. Qc2 0-0-0 13. 0-0-0 e5 14. Ne4 Qe7 15. dxe5 Nxe5 16. Nxe5 Qxe5 17. Bc4 f5 18. Bxd5 Bxd5 19. Ng3 f4 20. e4 Bxa2 21. Nf5 Be6 22. Ne7+ Kb8 23. Ng6 Qb5 24. Nxh8 Bb3 25. Qd3 Qa4 26. Rdg1 Qa1+ 27. Qb1 Qxb1+ 28. Kxb1 Rxh8 29. g3 f3 30. g4 Bc4 31. e5 Re8 32. h5 Rxe5 33. g5 hxg5 34. Rg3 Be2 35. Rhg1 g4 36. Rxg4 Rxh5 37. Rxg7 Rd5 38. Rg8+ Kb7 39. R8g5 Rd6 40. Kc1 Rh6 41. Kd2 Rd6+ 42. Ke3 Rd3+ 43. Ke4 Rd2 44. Rb1 Bd3+ 45. Ke3 Bxb1 46. Kxd2 Be4 47. Re5 Bc6 48. Ke3 a6 49. b4 b5 50. Rf5 d6 51. Rxf3 Bxf3 52. Kxf3 Kc6 53. Kf4 Kd7 54. Kf5 Ke7 55. f4 Kf7 56. Ke4 c6 57. Kf5 c5 58. Ke4 cxb4 59. cxb4 Ke6 60. f5+ Kf6 61. Kd5 Kxf5 62. Kxd6 Ke4 63. Kc5 Kd3 64. Kb6 Kc4 65. Ka5 Kb3 66. Kxa6 Kxb4 67. Kb6 Kc4 68. Ka5 b4 69. Ka4 Kc3 70. Kb5 b3 71. Ka4 b2 72. Ka3 b1Q 73. Ka4 Qb4# 0-1

[Event "Daventry 4NCL Easter op-C 2nd"]
[Site "Daventry"]
[Date "2022.04.16"]
[Round "3"]
[White "Veeturi, Yashvardhan"]
[Black "Griffin Young, Sebastian"]
[Result "0-1"]
[WhiteElo "1165"]
[BlackElo "1431"]
[PlyCount "80"]
[EventDate "2022.04.15"]
[EventType "swiss"]
[EventRounds "7"]
[EventCountry "ENG"]
[SourceTitle "CBM 207 Extra"]
[Source "ChessBase"]
[SourceDate "2022.05.31"]
[SourceVersion "1"]
[SourceVersionDate "2022.05.31"]
[SourceQuality "1"]

1. e4 c5 2. Nc3 Nc6 3. Bb5 e6 4. Bxc6 bxc6 5. d4 cxd4 6. Qxd4 Nf6 7. e5 Nd5 8. Nxd5 cxd5 9. Nf3 Qc7 10. Qd1 Ba6 11. b3 Bb4+ 12. Bd2 Bc5 13. Bc1 0-0 14. Bb2 Bb4+ 15. Nd2 Ba3 16. Qc1 Bc5 17. c4 dxc4 18. Nxc4 d5 19. exd6 Bxd6 20. Qg5 Bb4+ 21. Nd2 f6 22. Qe3 Rad8 23. Qxe6+ Kh8 24. Qxa6 Bxd2+ 25. Kf1 Rfe8 26. g3 Rd6 27. Qa4 Qe7 28. Ba3 Qe2+ 29. Kg2 Ra6 30. Qc4 Qxc4 31. bxc4 Rxa3 32. Rad1 Rxa2 33. Rb1 h6 34. Rb5 Rc2 35. c5 Be3 36. Re1 Rxf2+ 37. Kh3 Re5 38. Rb8+ Kh7 39. c6 Rh5+ 40. Kg4 f5+ 0-1